| 000 | 00641nam a2200181Ia 4500 | ||
|---|---|---|---|
| 008 | 151018s9999 xx 000 0 und d | ||
| 082 |
_bRBASDV57351 _a801.95 |
||
| 100 | _aउदय जाधव | ||
| 245 | _aरामनगरी आणि माझे विद्यापीठ | ||
| 250 | _b1 | ||
| 260 |
_bसंस्कृती _c2005 |
||
| 300 | _a120 | ||
| 600 | _aउदय जाधव | ||
| 630 | _aरामनगरी आणि माझे विद्यापीठ | ||
| 700 | _aउदय जाधव | ||
| 730 | _aरामनगरी आणि माझे विद्यापीठ | ||
| 942 | _cBOOK | ||
| 999 |
_c1052734 _d1052731 |
||